000 00336 a2200109 4500
001 ART_51209
005 20260410161745.0
008 260409a
245 1 0 _aLa prohibición del despido y suspensiones no es inconstitucional
100 1 _aDuarte, David
773 0 _tDoctrina laboral
_g- N° 417 (mayo 2020)
_wREV4049
999 _c19165
_d19165